[Event "VIE-ch U15"]
[Site "Da Lat"]
[Date "2013.07.??"]
[Round "4"]
[White "Pham, Hai Lam"]
[Black "Nguy, Thanh Duy"]
[Result "0-1"]
[WhiteElo "1978"]
[BlackElo "1984"]
[PlyCount "48"]
[EventDate "2013.07.13"]
[EventType "swiss"]
[EventRounds "9"]
[EventCountry "VIE"]
[SourceTitle "EXT 2014"]
[Source "ChessBase"]
[SourceDate "2013.11.20"]
[SourceVersion "1"]
[SourceVersionDate "2013.11.20"]
[SourceQuality "1"]

1. e4 e6 2. d4 d5 3. exd5 exd5 4. Bd3 Bd6 5. Nc3 Nf6 6. Bg5 c6 7. Qe2+ Be6 8. 0-0-0 0-0 9. Kb1 Nbd7 10. Qd2 b5 11. h4 Qc7 12. f4 h6 13. Bxf6 Nxf6 14. Rf1 Bg4 15. Be2 b4 16. Nd1 Ne4 17. Qd3 Bf5 18. Qe3 Rfe8 19. Ka1 Qa5 20. Qb3 Nd2 21. Qg3 Nxf1 22. Bxf1 Bxc2 23. Ne2 b3 24. a3 Qd2 0-1